Data mining explained: a manager's guide to customer-centric business intelligence. (Record no. 39405)

MARC details
000 -LEADER
fixed length control field 00761nam a2200193 a 4500
008 - FIXED-LENGTH DATA ELEMENTS--GENERAL INFORMATION
fixed length control field 090318s2001 ||||||||||||||||| || u
020 ## - INTERNATIONAL STANDARD BOOK NUMBER
International Standard Book Number 1555582311
050 ## - LIBRARY OF CONGRESS CALL NUMBER
Classification number QA 76.9.D343 Del
100 ## - MAIN ENTRY--PERSONAL NAME
Personal name Delmater, Rhonda
245 10 - TITLE STATEMENT
Title Data mining explained: a manager's guide to customer-centric business intelligence.
Statement of responsibility, etc. Rhonda Delmater and Monte Hancock
260 ## - PUBLICATION, DISTRIBUTION, ETC.
Place of publication, distribution, etc. Boston
Name of publisher, distributor, etc. Digital Press
Date of publication, distribution, etc. 2001
300 ## - PHYSICAL DESCRIPTION
Extent xix, 392p.: ill.
350 ## - PRICE (NR) (BK AM CF MU VM SE) [OBSOLETE]
Price 0.00
650 ## - SUBJECT ADDED ENTRY--TOPICAL TERM
Topical term or geographic name entry element ELECTRONIC DATA PROCESSING--DATA PREPARATION
650 ## - SUBJECT ADDED ENTRY--TOPICAL TERM
Topical term or geographic name entry element COMPUTING
650 ## - SUBJECT ADDED ENTRY--TOPICAL TERM
Topical term or geographic name entry element DATA MINING
700 ## - ADDED ENTRY--PERSONAL NAME
Personal name Hancock, Monte
995 ## - RECOMMENDATION 995 [LOCAL, UNIMARC FRANCE]
-- 0.00
-- CBU-MAIN LIBRARY (Kitwe)
-- 1
-- 0.00
-- 1
-- AVAILABLE
-- Apr 15, 2009
-- Main Library Open Access Collection
Holdings
Withdrawn status Lost status Source of classification or shelving scheme Damaged status Not for loan Home library Current library Shelving location Date acquired Total Checkouts Full call number Barcode Date last seen Price effective from Koha item type
          CBU-MAIN LIBRARY, KITWE. CBU-MAIN LIBRARY, KITWE.   11/30/2022   QA 76.9.D343 Del 739849 11/30/2022 11/30/2022 MONOGRAPH